000 00392nam a2200157Ia 4500
008 230524s9999 xx 000 0 und d
082 _a621.8
_bFOR
100 _aPatnick Fonsyth
_911256
245 0 _aMaking Meeting Work
250 _a1ST
260 _aHYDERABAD
_bUniversity Press
_c2000
300 _aV;72
500 _aQuantity Number: 1
650 _aMiscellaneous
_91877
942 _cBK
999 _c15649
_d15649